000 00453nam a2200169Ia 4500
008 230718s9999 xx 000 0 und d
020 _a9788172246501
041 _aeng
082 _a006.32
_bZUR
100 _aZurada J.M.
245 _aIntroduction To Artificial Neural Systems
260 _bJaico Publishing House
300 _a683
365 _cRs.
_b275.00
700 _aZurada J.M.
906 _dO:0253208-Feb-2012B:303020-Jan-2012
_cIT
_b343.75
999 _c329795
_d329795